000 00673nam a2200265Ia 4500
005 20260302114520.0
008 008 260114s9999 xx 000 0 eng d
020 _a9781474260398
037 _aTextbook
040 _aCRL
040 _beng
040 _cCRL
041 _2eng
041 _aeng
084 _qCRL
100 _aMark Dooley
_91117714
245 0 _aMoral Matters A Philosophy of Homecoming
260 _bBloomsbury
260 _bBloomsbury Academic
260 _c2015
650 _aPhilosophy
856 _uhttps://doi.org/10.5040/9781474260398?locatt=label:secondary_bloomsburyCollections
942 _cEBOOK
999 _c1682834
_d1682834